000 00569nam a22001697a 4500
082 _a620.1
100 _aSaud, Saad
245 _aAn Investigation of Structural Response of Composite Compressed Natural Gas Cylinder Under Impact Loading /
_cSaad Saud.
260 _aIslamabad:
_bSMME - NUST,
_c2016.
300 _c30cm.
650 _aMS-Thesis.
_918721
700 _aDr. Aamir Mubashar
_920986
856 _uhttp://10.250.8.41:8080/xmlui/handle/123456789/12721
942 _2ddc
_cTHE
999 _c529126
_d529126